| 000 | 00988nam a2200301 i 4500 | ||
|---|---|---|---|
| 001 | 000012708 | ||
| 003 | DO-SdBPM | ||
| 005 | 20260514135728.0 | ||
| 007 | ta | ||
| 008 | 091116s1992 dr 000 j spa d | ||
| 040 |
_aDO-SdBPM _bspa _cBPMSU _erda |
||
| 082 | 0 | 4 |
_aRD863.44 _bP947p 1992 _222 |
| 100 | 1 |
_aPrida Busto, Juan Manuel _d1956- _eautor _4aut. |
|
| 245 | 1 | 0 |
_aPieles a mi piel / _cJuan Manuel Prida Busto. |
| 264 |
_aSanto Domingo : _bBanco Central de la República Dominicana ; _c1992 |
||
| 300 |
_a243 páginas ; _c18 cm. |
||
| 336 |
_2rdacontent _atexto _btxt |
||
| 337 |
_2rdamedia _asin mediación _bn |
||
| 338 |
_2rdacarrier _avolumen _bnc |
||
| 500 | _aIncluye datos biográficos del autor en la contracubierta | ||
| 590 | _aInventariado, 2026/VM | ||
| 650 | 7 | _aCuentos dominicanos | |
| 650 | 7 | _aLiteratura dominicana. | |
| 650 | z | _aShort stories, Dominican | |
| 650 | z | _aDominican literature | |
| 910 | _aVMateo V. Control de calidad. BPMSU | ||
| 942 |
_2ddc _cBK |
||
| 999 |
_c8992 _d8992 |
||